[Event "Misurata op"]
[Site "Misurata"]
[Date "2022.12.08"]
[Round "1"]
[White "Fates, Omer Salah"]
[Black "Alsadi, Saif Allah Fathi"]
[Result "1/2-1/2"]
[WhiteElo "1927"]
[BlackElo "1481"]
[PlyCount "78"]
[EventDate "2022.12.08"]
[EventType "swiss"]
[EventRounds "9"]
[EventCountry "LBY"]
[SourceTitle "EXT 2024"]
[Source "ChessBase"]
[SourceDate "2023.10.10"]
[SourceVersion "1"]
[SourceVersionDate "2023.10.10"]
[SourceQuality "1"]

1. e4 e6 2. d4 d5 3. exd5 exd5 4. Nf3 Nf6 5. Bd3 Bd6 6. 0-0 0-0 7. Bg5 h6 8. Bh4 Bg4 9. Nbd2 Nbd7 10. c4 c6 11. Qb3 g5 12. Bg3 Bxg3 13. fxg3 Qc7 14. Ne5 Nxe5 15. Rxf6 Nxd3 16. Qxd3 Kg7 17. Raf1 Rae8 18. Qc3 Re6 19. R6f2 Qd7 20. c5 Bh5 21. Nc4 Be2 22. Ne5 Rxe5 23. dxe5 d4 24. Qb3 Bxf1 25. Rxf1 d3 26. Qc3 Kg8 27. Rd1 Rd8 28. Rd2 Qd4+ 29. Qxd4 Rxd4 30. b3 a5 31. Kf2 Rd5 32. Ke3 Rxe5+ 33. Kd4 Rd5+ 34. Kc4 Kf8 35. Rxd3 Rxd3 36. Kxd3 Ke7 37. g4 Ke6 38. Ke4 Kf6 39. Kd4 Ke6 1/2-1/2